Statystyki dla Wszyscy żużlowi mistrzowie świata w erze cyklu GP

Kliknij tutaj aby rozwiązać quiz!

Ogólne statystyki

  • Ten quiz został rozwiązany 389 razy
  • Średni wynik to 21 z 27

Statystyki odpowiedzi

RokOdpowiedź% Poprawnych
2019Bartosz Zmarzlik
99%
2020Bartosz Zmarzlik
99%
2018Tai Woffinden
92%
2015Tai Woffinden
92%
2013Tai Woffinden
92%
2010Tomasz Gollob
92%
2008Nicki Pedersen
83%
2007Nicki Pedersen
83%
2003Nicki Pedersen
83%
2017Jason Doyle
82%
2016Greg Hancock
80%
2014Greg Hancock
80%
1997Greg Hancock
80%
2011Greg Hancock
80%
2021Artem Laguta
77%
2012Chris Holder
77%
2005Tony Rickardsson
73%
2002Tony Rickardsson
73%
2001Tony Rickardsson
73%
1999Tony Rickardsson
73%
1998Tony Rickardsson
73%
2006Jason Crump
71%
2004Jason Crump
71%
2009Jason Crump
71%
1995Hans Nielsen
52%
2000Mark Loram
43%
1996Billy Hamill
39%

Rozkład punktacji

Percentyl według liczby udzielonych odpowiedzi

Procent ludzi z każdym wynikiem

Twoja historia wyników

Nie rozwiązałeś tego quizu